Fruits of the Spirit - Statistics

General Stats
  • This quiz has been taken 3 times
  • The average score is 7 of 9
Answer Stats
Answer % Correct
love
100%
patience
100%
peace
100%
faithfulness
67%
gentleness
67%
goodness
67%
joy
67%
kindness
67%
self control
33%
No matching quizzes found
Score Distribution
Percent of People with Each Score
Percentile by Number Answered
Your Score History
You have not taken this quiz